书目信息 |
| 题名: |
法家著作选读
|
|
| 作者: | ||
| 分册: | ||
| 出版信息: | 北京 中华书局 1974 |
|
| 页数: | 320页 | |
| 开本: | 18cm | |
| 丛书名: | ||
| 单 册: | ||
| 中图分类: | B226.01 | |
| 科图分类: | ||
| 主题词: | 法家--著作--选集 | |
| 电子资源: | ||
| ISBN: | 2018.129 | |
| 000 | 00615cam0 2200229 450 | |
| 001 | 0105513234 | |
| 005 | 20061221092859.0 | |
| 010 | @a2018.129@dCNY0.54 | |
| 091 | @a2018.129@dCNY0.54 | |
| 100 | @a19970320d1974 em y0chiy0110 ea | |
| 101 | 0 | @achi |
| 102 | @aCN@b110000 | |
| 105 | @ay z 000yy | |
| 106 | @ar | |
| 200 | 1 | @a法家著作选读@9Fa Jia;Jie Zhu;Zhuo Zuo Xuan Dou;Du @b专著 |
| 210 | @a北京@c中华书局@d1974 | |
| 215 | @a320页@d18cm | |
| 606 | 0 | @a法家@x著作@x选集 |
| 690 | @aB226.01@v3 | |
| 801 | 0 | @aCN@b广东省中山图书馆@c19970320 |
| 801 | 2 | @aCN@bAiZhiMarc |
| 905 | @aBZT@dB226.01@e1@f3@sB226.01/1 | |
| 法家著作选读.-北京:中华书局,1974 |
| 320页;18cm |
| ISBN 2018.129:CNY0.54 |
| ● |
| 相关链接 |
|
|
|
正题名:法家著作选读
索取号:B226.01/1
 
预约/预借
| 序号 | 登录号 | 条形码 | 馆藏地/架位号 | 状态 | 备注 |
| 1 | 2000077428 | 2000077428 | 旧书回溯/ [索取号:B226.01/1] | 在馆 | |
| 2 | 2000097162 | 2000097162 | 旧书回溯/ [索取号:B226.01/1] | 在馆 | |
| 3 | 2000132409 | 2000132409 | 旧书回溯/ [索取号:B226.01/1] | 在馆 |